000 00726nam a2200229 4500
001 144774
003 ES-MaACL
005 20230906201109.0
007 t|
008 070214s1969 sp r ||||1| spa d
080 _a908(464.1 M.)
100 1 _aSimancas, Víctor.
_9106455
245 1 3 _aEl mito del gran Madrid /
_cVíctor Simancas, José Elizalde.
260 _aMadrid :
_bGuadiana,
_c1969.
300 _a326 p. :
_bil. ;
_c21 cm.
490 1 _aColección Ayer, hoy y mañana de España ;
_v7
651 4 _aMadrid-
_xDescripción.
_98952
700 1 _aElizalde, José.
_947010
830 0 _aColección Ayer, hoy y mañana de España ;
_v7
_9220706
852 _aES-MaACL
_jC-38850
_bR.72104
999 _c144774
_d144774